| 000 | 00789nam a22002537a 4500 | ||
|---|---|---|---|
| 005 | 20260429162950.0 | ||
| 008 | 210818b2018 xxu||||| |||| 00| 0 spa d | ||
| 020 | _a9789587323405 | ||
| 041 | _aESP | ||
| 082 | _a371.335 F363g | ||
| 100 |
_aFernández Martínez, Antonio _961111 |
||
| 100 |
_aTorres Bermúdez, Alex Armando _961112 |
||
| 245 | _aGobierno de las tecnologías de la información (TI) en instituciones de educación superior | ||
| 260 | _aColombia | ||
| 260 | _bUniversidad del Cauca | ||
| 260 | _c2018 | ||
| 300 | _a157 páginas | ||
| 490 | _aTecnologías de la Información | ||
| 650 | _aTECNOLOGÍAS DE LA INFORMACIÓN Y LA COMUNICACIÓN | ||
| 650 | _aINGENIERÍA DE SISTEMAS | ||
| 650 | _aGOBERNANZA | ||
| 650 | _aEDUCACIÓN SUPERIOR | ||
| 942 |
_cBK _2ddc |
||
| 999 |
_c13141 _d13141 |
||